000 01261cad a22002175a 4500
001 L146875
008 090305s2009 xxk f 000 0 eng d
035 _a(Sirsi) u146875
041 0 _aeng
050 0 4 _a692.8 $2 18
110 2 _aAssociation of Consulting Engineers
_91225
245 0 0 _aAvoiding procurement pitfalls
_ban ACE guide
_h[electronic resource]
260 _aLondon
_bACE
_c2009
520 _aIntended as an overview of the concepts involved in procuring the services of a project delivery team: the basic principles should be applicable to both construction projects and service contracts. Sets out the key steps in an effective procurement process with a view to helping all parties in the procurement process identify the best approach. However, it is not intended as a detailed procurement manual and so does not cover all eventualities. Appendix contains a self-assessment tool which may be used to assess the capabilities of an existing procurement team and anticipate future professional skills which might be needed.
521 _aAdvanced
590 _aKA
651 4 _aUnited Kingdom
_y
690 _aProcurement
_96260
856 4 0 _uhttps://www.acenet.co.uk/
_zView the document free of charge at www.acenet.co.uk...
942 _n0
999 _c109328
_d109328